مكتبة جامعة عجلون الوطنية

فهرس بحث المكتبة

Normal view MARC view
  • كهرباء -- مواصفات ومقاييس -- الأردن -- المواصفات القياسية -- هندسة كهربائية

Entry Topical Term

Number of records used in: 1

001 - CONTROL NUMBER

  • control field: 51656

003 - CONTROL NUMBER IDENTIFIER

  • control field: JO-AjAnu

005 - DATE AND TIME OF LATEST TRANSACTION

  • control field: 20230606082509.0

008 - FIXED-LENGTH DATA ELEMENTS

  • fixed length control field: 230606|| aca||aabn | a|a d

040 ## - CATALOGING SOURCE

  • Original cataloging agency: JO-AjAnu
  • Transcribing agency: JO-AjAnu

150 ## - HEADING--TOPICAL TERM

  • Topical term or geographic name entry element: كهرباء -- مواصفات ومقاييس -- الأردن -- المواصفات القياسية -- هندسة كهربائية

670 ## - SOURCE DATA FOUND

  • Source citation: Work cat.: (JO-AjAnu)26402: إعداد فارس الداوود؛ مراجعة جمال قطيشات, author 51655, مجلس البناء الوطني الأردني، وزارة الأشغال العامة والإسكان: كودة التركيبات الكهربائية